| 000 | 00760nam a22003017a 4500 | ||
|---|---|---|---|
| 003 | OSt | ||
| 005 | 20140331095406.0 | ||
| 008 | 140331b xxu||||| |||| 00| 0 eng d | ||
| 020 | _a0590998668 | ||
| 050 |
_aLB 1049.9 _b.B647s47 1997 |
||
| 100 | _aBlevins, Wiley. | ||
| 245 |
_aChuck's lunch / _cWiley Blevins ; illustrated by Tony Griego. |
||
| 260 |
_aNew York : _bScholastic, _c1997. |
||
| 300 |
_a16 p. : _bcol. ill. ; _c14 cm. |
||
| 440 |
_a Scholastic phonics readers _n#47 |
||
| 521 | _aG1 | ||
| 526 | _c200 | ||
| 650 |
_aReading _vPhonetic method. |
||
| 942 |
_2lcc _cBK |
||
| 999 |
_c48793 _d48793 |
||